Estadísticas para Plantillas del top 4 del Mundial 1986

Haz click aquí para intentar la prueba.

Estadísticas generales

  • Esta prueba ha sido intentada 15 veces
  • La puntuación promedio es 14 de 92

Estadísticas de respuestas

Pos.JugadorEquipo% Correcto
MEDDiego Armando MaradonaNapoli
100%
MEDMichel PlatiniJuventus
83%
DTFranz BeckenbauerAlemania
58%
DELJorge BurruchagaNantes
50%
DELJorge ValdanoReal Madrid
50%
DTCarlos BilardoArgentina
42%
DELKarl-heinz RummeniggeInter
42%
MEDLothar MatthausBayern Munich
42%
DEFOscar RuggeriRiver Plate
42%
DEFDaniel PassarellaFiorentina
33%
DEFJose Luis BrownDeportivo Español
33%
PORHarald SchumacherKoln
25%
MEDJan CeulemansBrujas
25%
PORJean-Marie PfaffBayern Munich
25%
MEDJean TiganaBordeaux
25%
MEDLuis FernandezPSG
25%
DEFManuel AmorosMonaco
25%
DEFPatrick BattistonBordeaux
25%
DELRudi VollerWerder Bremen
25%
DELDieter HoeneßBayern Munich
17%
DEFJose Luis CuciuffoVelez Sarsfield
17%
PORLuis IslasEstudiantes LP
17%
PORNery PumpidoRiver Plate
17%
DEFOscar GarreFerro
17%
MEDRicardo BochiniIndependiente
17%
MEDSergio BatistaArgentinos Juniors
17%
MEDAlain GiresseBordeaux
8%
PORAlbert RustSochaux
8%
DEFAndreas BrehmeKaiserslautern
8%
MEDBernard GenghiniMonaco
8%
DELBruno BelloneMonaco
8%
MEDCarlos TapiaBoca Juniors
8%
MEDClaudio BorghiArgentinios Juniors
8%
DELDaniel VeytWaregem
8%
DELDaniel XuerebLens
8%
DEFDitmar JakobsHamburgo
8%
DELDominique RocheteauPSG
8%
POREike ImmelBorussia Dortmund
8%
MEDEnzo ScifoAnderlecht
8%
DEFEric GeretsPSV
8%
MEDFelix MagathHamburgo
8%
MEDFranky Van Der ElstBrujas
8%
MEDFranky VercauterenAnderlecht
8%
PORGilbert BodartStandard Lieja
8%
DEFHans-Peter BriegelHellas Verona
8%
MEDHector EnriqueRiver Plate
8%
PORHector ZeladaAmerica
8%
DTHenri MichelFrancia
8%
DEFHugo BroosBrujas
8%
PORJacky MunaronAnderlecht
8%
MEDJean-Marc FerreriAuxerre
8%
DELJean-Pierre PapinBrujas
8%
PORJoel BatsPSG
8%
DEFJulio OlarticoecheaBoca Juniors
8%
MEDKarl AllgowerStuttgart
8%
DEFKarlheinz ForsterStuttgart
8%
DELKlaus AllofsKoln
8%
DEFKlaus AugenthalerBayern Munich
8%
DEFLeo ClijstersThor
8%
MEDLeon Van Der ElstBrujas
8%
MEDMarcelo TrobbianiElche
8%
DEFMatthias HergetUerdingen
8%
DEFMaxime BossisRacing Paris
8%
DEFMichel BibardPSG
8%
DEFMichel de WolfGent
8%
DEFMichel RenquinStandard Lieja
8%
DEFNestor ClausenIndependiente
8%
DELNico ClaesenStandard Lieja
8%
DEFNobert EderBayern Munich
8%
MEDOlaf ThonSchalke 04
8%
DELPedro PasculliLecce
8%
PORPhilippe BergerooToulouse
8%
MEDPhilippe DesmetWaregem
8%
MEDPhilippe VercruysseLens
8%
DELPierre LittbarskiKoln
8%
DELRaymond MommensLokeren
8%
MEDRene VandereyckenAnderlecht
8%
MEDRicardo GiustiIndependiente
8%
DELSergio AlmironNewell's Old Boys
8%
DEFStephane DemolAnderlecht
8%
DEFThierry TusseauBordeux
8%
DEFThomas BertholdEintrach Frankfurt
8%
PORUli SteinHamburgo
8%
MEDUwe RahnBorussia Mönchengladbach
8%
DEFWilliam AyacheNantes
8%
MEDWolfgang RolffHamburgo
8%
DELYannick StopyraToulouse
8%
DEFYvon Le RouxNantes
8%
DELErwin VanderberghAnderlecht
0%
DEFGeorges GunAnderlecht
0%
DTGuy ThysBelgica
0%
MEDPatrick VervootBeerschot
0%

Distribución de puntuación

Porcentaje por número respondido

Porcentaje de gente con cada puntuación

Historial de tus puntuaciones

No has intentado esta prueba.